000 00414nam a22001697a 4500
003 NUST - PNEC
005 20170116181152.0
008 151205b xxu||||| |||| 00| 0 eng d
020 _a-
040 _cLIBRARY
082 _a320.9549 GAL
100 _915565
_aAllana, G
245 _aPakistan movement; historic documents,
_cAllana, G
260 _c.
650 _915566
_aPakistan
_xGeneral
942 _2ddc
_cBK
999 _c71021
_d71021